000 00866nam a22002057a 4500
005 20251108165759.0
008 250721s1981 xx 000 0 ara d
082 1 4 _aم/343.70956/منظ
245 1 0 _aدراسة قوانين المخدرات العربية /
264 1 _aعمان :
_bالمنظمة العربية للدفاع الإجتماعي ضد الجريمة - المكتب العربي لشؤون المخدرات،
_c1981.
300 _aج
650 1 7 _aالقانون الجنائي
650 1 7 _aالبلدان العربية
650 1 7 _aالقانون الدولي
650 1 7 _aالقانون العام
650 1 7 _aالمخدرات
710 2 _aالمنظمة العربية للدفاع الإجتماعي ضد الجريمة ، المكتب العربي لشؤون المخدرات (عمان)
942 _2ddc
_cREF
999 _c31123
_d31123